00773cam a2200157 a 450000500170000002000150001708200220003224503810005426000430043530000110047865000180048965000280050765000330053570000240056870000230059220251224150156.0 a082133245700a307.76 SER.N522014aThe human face of the urban environment :ba report to the development community on the second annual Conference on Environmentally Sustainable Development sponsored by the World Bank and held at the National Academy of Sciences and the World Bank, Washington, D.C., September 19-23, 1994 /cIsmail Serageldin and Michael A. Cohen, editors ; Alison Cave, editorial consultant. aWashington, D.C. :bWorld Bank,c1995. a 55 p. 0aCity planning 0aSustainable development 0aCommunity development, Urban1 aSerageldin, Ismail,1 aCohen, Michael A.,